000 00286nam a22001337a 4500
008 181217b xxu||||| |||| 00| 0 eng d
020 _a9780871013514
041 _aeng
080 _a159.9
100 _a49
101 _apsi
245 _aWomen At Midle
_cHumter S
942 _2udc
_cBK
999 _c53187
_d53187